000 00565nam a22001577a 4500
003 LK-CoMWRAF
005 20240217003308.0
008 231210b |||||||| |||| 00| 0 eng d
040 _aLK-CoMWRAF
_dLK-CoMWRAF
_eLK-CoMWRAF
041 _atam
082 _a300
_bMAK
245 _aமக்கள்காா் கூட்டுறவுச் சங்கம் கடனூக்குள் சுழலும் கடனாளிகள்
260 _aColombo :
_bMuslim Women's Research and Action Forum - MWRAF,
_c2011
300 _a16 p.
942 _cBK
999 _c4325
_d4325